Plages d'Italie (Record no. 121424)

MARC details
000 -LEADER
campo de control de longitud fija 00652nam a2200181 4500
001 - NÚMERO DE CONTROL
campo de control 121424
003 - IDENTIFICADOR DE NÚMERO DE CONTROL
campo de control ES-MaACL
005 - FECHA Y HORA DE LA ÚLTIMA TRANSACCIÓN
campo de control 20230906191741.0
007 - CAMPO FIJO DE DESCRIPCIÓN FÍSICA--INFORMACIÓN GENERAL
campo de control de longitud fija t|
008 - DATOS DE LONGITUD FIJA--INFORMACIÓN GENERAL
campo de control de longitud fija 070214s1951 it r ||||1| fre d
245 00 - MENCIÓN DEL TÍTULO
Título Plages d'Italie
Resto del título : 128 stations balnéaires, avec 88 photographies, 12 petites cartes topographiques, 11 plans de villes et 1 table des distances.
260 ## - PUBLICACIÓN, DISTRIBUCIÓN, ETC.
Lugar de publicación, distribución, etc. Rome :
Nombre del editor, distribuidor, etc. Enit,
Fecha de publicación, distribución, etc. 1951.
300 ## - DESCRIPCIÓN FÍSICA
Extensión 223 p. ;
Dimensiones 17 cm +
Material acompañante/anejo map., fot.
710 2# - ENTRADA AGREGADA--NOMBRE DE ENTIDAD CORPORATIVA
Nombre de entidad corporativa o nombre de jurisdicción como elemento de entrada Ente Nazionale Industrie Turistiche (Italia)
9 (RLIN) 3479
710 2# - ENTRADA AGREGADA--NOMBRE DE ENTIDAD CORPORATIVA
Nombre de entidad corporativa o nombre de jurisdicción como elemento de entrada Touring Club Italiano (Milán)
9 (RLIN) 6976
852 ## - LOCALIZACIÓN
Ubicación ES-MaACL
Número de control de estantería C-6297
Sublocalización o colección R.32899
852 ## - LOCALIZACIÓN
Ubicación ES-MaACL
Número de control de estantería C-22658
Sublocalización o colección R.50220
Holdings
Estatus retirado Estado de pérdida Estado de daño No para préstamo Biblioteca de origen Biblioteca actual Ubicación en estantería Fecha de adquisición Fuente de adquisición Total de préstamos Signatura topográfica completa Código de barras Visto por última vez Precio de reemplazo Tipo de ítem Koha
        Biblioteca del Ateneo de Madrid Biblioteca del Ateneo de Madrid Galería 17/01/2008     C-22658 1126545 23/02/2023 23/02/2023 Libro impreso
        Biblioteca del Ateneo de Madrid Biblioteca del Ateneo de Madrid Sala Palomar 17/01/2008     C-6297 1126544 23/02/2023 23/02/2023 Libro impreso